Loading...
| Literature - European Literature | 2 | 4 | 1 | 1 | 65 | 45 | 88.67 | 2 | 5 |
| Literature - American Literature | 2 | 3 | 0 | 0 | 60 | 54 | 78.00 | 3 | 5 |
| Science - Biology | 0 | 6 | 0 | 2 | 60 | 71 | 93.00 | 2 | 4 |
| Philosophy | 0 | 4 | 0 | 1 | 40 | 61 | 102.25 | 1 | 4 |
| Science - Physics | 2 | 2 | 3 | 1 | 35 | 35 | 74.50 | 2 | 4 |
| Literature - British Literature | 0 | 4 | 1 | 1 | 35 | 100 | 116.50 | 1 | 3 |
| Literature - World Literature | 0 | 3 | 0 | 0 | 30 | 66 | 106.67 | 1 | 2 |
| Science - Chemistry | 2 | 1 | 2 | 1 | 30 | 38 | 71.33 | 1 | 2 |
| Fine Arts - Visual Fine Arts | 0 | 3 | 1 | 0 | 25 | 60 | 79.67 | 2 | 3 |
| Fine Arts - Other Fine Arts | 0 | 2 | 0 | 2 | 20 | 136 | 136.50 | 0 | 1 |
| History - Other History | 1 | 0 | 0 | 0 | 15 | 57 | 57.00 | 1 | 1 |
| History - American History | 1 | 0 | 0 | 0 | 15 | 41 | 41.00 | 1 | 1 |
| Religion | 1 | 0 | 0 | 0 | 15 | 56 | 56.00 | 1 | 1 |
| Fine Arts - Auditory Fine Arts | 0 | 1 | 0 | 1 | 10 | 158 | 158.00 | 0 | 0 |
| History - European History | 0 | 1 | 0 | 0 | 10 | 108 | 108.00 | 0 | 1 |
| Science - Other Science | 0 | 1 | 0 | 1 | 10 | 120 | 120.00 | 0 | 1 |
| History - World History | 0 | 1 | 0 | 1 | 10 | 127 | 127.00 | 0 | 0 |